On Addams (Record no. 26179)

MARC details
000 -LEADER
fixed length control field 00557nam a2200193Ia 4500
008 - FIXED-LENGTH DATA ELEMENTS--GENERAL INFORMATION
fixed length control field 191130s2004##################000#0#eng##
020 ## - INTERNATIONAL STANDARD BOOK NUMBER
International Standard Book Number 9788131507025
040 ## - CATALOGING SOURCE
Original cataloging agency ACL
Transcribing agency ACL
082 ## - DEWEY DECIMAL CLASSIFICATION NUMBER
Classification number 301.092 FIS
100 ## - MAIN ENTRY--PERSONAL NAME
Personal name Fischer, Marilyn
245 ## - TITLE STATEMENT
Title On Addams
Statement of responsibility, etc. Marilyn Fischer
260 ## - PUBLICATION, DISTRIBUTION, ETC.
Place of publication, distribution, etc. Australia ; Belmont, CA
Name of publisher, distributor, etc. Wadsworth Cengage Learning
Date of publication, distribution, etc. c2004
300 ## - PHYSICAL DESCRIPTION
Extent 93 p. ; 23 cm.
500 ## - GENERAL NOTE
General note Includes bibliographical references
650 ## - SUBJECT ADDED ENTRY--TOPICAL TERM
Topical term or geographic name entry element Sociology- Philosophy
990 ## - EQUIVALENCES OR CROSS-REFERENCES [LOCAL, CANADA]
Link information for 9XX fields a1067e7aac10000c0605897b6e3557cf
991 ## -
-- 59213
Holdings
Withdrawn status Lost status Materials specified (bound volume or other part) Damaged status Not for loan Home library Current library Shelving location Date acquired Total Checkouts Full call number Barcode Date last seen Price effective from Koha item type
    pbk     Anna Centenary Library Anna Centenary Library 3RD FLOOR, B WING 09.10.2020   301.092 FIS 303869 09.10.2020 09.10.2020 English Books

Find us on the map